| Tag |
First Indicator |
Second Indicator |
Subfields |
| LEADER |
00000cam a2200000 a 4500 |
| 001 |
in00002331721 |
| 005 |
20151108041744.0 |
| 008 |
061024s2006 nz ab b 001 0deng |
| 010 |
|
|
|a 2006494212
|
| 020 |
|
|
|a 186940369X (pbk.)
|
| 020 |
|
|
|a 9781869403690 (pbk.)
|
| 029 |
1 |
|
|a NZ1
|b 10774430
|
| 035 |
|
|
|a (OCoLC)ocn124504200
|
| 035 |
|
|
|a (OCoLC)124504200
|
| 040 |
|
|
|a DLC
|c DLC
|d BTCTA
|d BAKER
|d YDXCP
|d TXA
|d UtOrBLW
|
| 043 |
|
|
|a u-nz---
|
| 049 |
|
|
|a TXAM
|
| 050 |
0 |
0 |
|a DU430.N45
|b R57 2006
|
| 100 |
1 |
|
|a Riseborough, Hazel.
|
| 245 |
1 |
0 |
|a Ngamatea :
|b the land and the people /
|c Hazel Riseborough.
|
| 264 |
|
1 |
|a Auckland :
|b Auckland University Press,
|c 2006.
|
| 300 |
|
|
|a viii, 304 pages, 2 unnumbered folded leaves :
|b illustrations, maps ;
|c 24 cm.
|
| 336 |
|
|
|a text
|b txt
|2 rdacontent
|
| 337 |
|
|
|a unmediated
|b n
|2 rdamedia
|
| 338 |
|
|
|a volume
|b nc
|2 rdacarrier
|
| 504 |
|
|
|a Includes bibliographical references (pages 295-296) and index.
|
| 651 |
|
0 |
|a Ngamatea (N.Z.)
|x Social life and customs.
|
| 650 |
|
0 |
|a Ranch life
|z New Zealand
|z Ngamatea.
|
| 650 |
|
0 |
|a Farm life
|z New Zealand
|z Ngamatea.
|
| 650 |
|
0 |
|a Hill farming
|z New Zealand
|z Ngamatea.
|
| 650 |
|
0 |
|a Sheep ranchers
|z New Zealand
|z Ngamatea
|v Biography.
|
| 651 |
|
0 |
|a Ngamatea (N.Z.)
|v Biography.
|
| 651 |
|
0 |
|a Ngamatea (N.Z.)
|x History.
|
| 938 |
|
|
|a Baker and Taylor
|b BTCP
|n BK0006818074
|
| 938 |
|
|
|a Baker & Taylor
|b BKTY
|c 33.95
|d 25.46
|i 186940369X
|n 0006818074
|s active
|
| 938 |
|
|
|a YBP Library Services
|b YANK
|n 2455060
|
| 994 |
|
|
|a C0
|b TXA
|
| 948 |
|
|
|a cataloged
|b h
|c 2007/9/13
|d c
|e jlanham
|f 8:14:24 am
|
| 999 |
|
|
|a MARS
|
| 999 |
f |
f |
|s 47c23fda-3ac4-3f51-9cb4-fd45ddc98aea
|i dc3f597f-5ddc-37a0-a6fb-c6b34ebccfcf
|t 0
|
| 952 |
f |
f |
|p ric
|a Texas A&M University
|b Rellis Campus
|c Joint Library Facility
|d Remote Storage
|t 0
|e DU430.N45 R57 2006
|h Library of Congress classification
|i unmediated -- volume
|m A14836230876
|
| 998 |
f |
f |
|a DU430.N45 R57 2006
|t 0
|l Remote Storage
|